| 000 | 00467nam a2200169 4500 | ||
|---|---|---|---|
| 008 | 180905b xxu||||| |||| 00| 0 eng d | ||
| 020 | _a0486453138 | ||
| 082 |
_a516.3 _bM137a |
||
| 100 | _aMcCrea, William H. | ||
| 245 | _aAnalytical geometry of three dimensions | ||
| 250 | _a2nd ed. | ||
| 260 |
_aNew York: _bDover Publications, _c2006 |
||
| 300 | _aVii, 144p. illus. | ||
| 504 | _aBibliography: p. 142 | ||
| 650 | _aGeometry, Analytic | ||
| 942 |
_2ddc _cGEN |
||
| 999 |
_c83545 _d83534 |
||